000 01898cam a2200349 a 4500
003 EG-GiCUC
005 20250223030859.0
008 131026s2013 ua dh f m 000 0 eng d
040 _aEG-GiCUC
_beng
_cEG-GiCUC
041 0 _aeng
049 _aDeposite
097 _aPh.D
099 _aCai01.07.06.Ph.D.2013.Ha.M
100 0 _aHaidi Mohamed Abdelmoez
245 1 0 _aMultifunctional diazotroph bioformulations are biocontrol agents against common bean pests /
_cHaidi Mohamed Abdelmoez ; Supervised Mohamed Fayez Fouad Ibrahim , Mona Hussein Sayed Badawi , Nagy Yassin Abdelghafar
246 1 5 _aالمستحضرات الحيوية لمثبتات الأزوت الجوى متعددة الوظائف كمواد للمكافحة الحيوية لآفات الفاصوليا
260 _aCairo :
_bHaidi Mohamed Abdelmoez ,
_c2013
300 _a87 P. :
_bcharts , facsimiles ;
_c25cm
502 _aThesis (Ph.D.) - Cairo University - Faculty of Agriculture - Department of Microbiology
520 _aA series of laboratory, greenhouse and field experiments were done in the present work to support common bean growth via alleviating the lethal impact of Fusarium solani and Rhizoctonia solani responsible for root rot and damping off in the legume plant. Seven of biopreparates (bio-cure B, Bio,cure F, Bio-health WGP, Rhizo-N, Symbion-N, Symbion-NG and Symbion-NR) were tested, as natural foes, for their antibiosis towards the pathogenic fungal members
530 _aIssued also as CD
653 4 _aFusarium solani
653 4 _aPhaseolus vulgaris
653 4 _aRhizoctonia solani
700 0 _aMohamed Fayez Fouad Ibrahim ,
_eSupervisor
700 0 _aMona Hussein Sayed Badawi ,
_eSupervisor
700 0 _aNagy Yassin Abdelghafar ,
_eSupervisor
856 _uhttp://172.23.153.220/th.pdf
905 _aNazla
_eRevisor
905 _aSamia
_eCataloger
942 _2ddc
_cTH
999 _c43896
_d43896